000 00819nas a2200265 i 4500
001 1615
003 ES-MaACL
005 20250713083006.0
007 t|
008 950801d19121936sp | | 1 ||pa d
022 _a0369-8793
080 _a616
245 0 3 _aLa Pediatría española.
260 _aMadrid :
_b[Tip. Asilo Niño Jesús],
_c1912-1936.
300 _a13 v. :
_bgrab. ;
_c22 cm.
310 _aMensual
362 0 _aAño I, t. 1 (1912)-(1936)
500 _aFecha final e ISSN tomados de : Revistas españolas con ISSN, 1987.
650 1 4 _aPatología.
_915884
700 1 _aSarabia y Pardo, Jesús,
_d1865-1943
_9103740
700 1 _aCavengt, Santiago,
_edir.
_9194257
852 _aES-MaACL
_jHEM-D-166
_xHem-1367
_d
866 0 _o1924-27(1928f.febr.-mar. y ago.)1930-36
999 _c1615
_d1615